| 000 | 00469nam a2200181 i 4500 | ||
|---|---|---|---|
| 001 | bgj | ||
| 100 | 1 | _aMURPHY, Warren. | |
| 245 | 1 | 0 |
_aThe Destroyer # 38 Bay City Blast / _cWarren Murphy. |
| 260 |
_aNew York : _bPinnacle Books, _c1981. |
||
| 300 |
_a179 pp ; _c18 cm. |
||
| 490 | 1 |
_aThe Destroyer ; _v38 |
|
| 650 | 9 | _aAdventure stories | |
| 830 | _aThe Destroyer ; | ||
| 040 | _cBPK | ||
| 041 | 0 | _aeng | |
| 942 | _cKS | ||
| 008 | s uk f |000 0 eng | ||
| 999 |
_c48366 _d48366 |
||
| 856 |
_uhttp://koha.tu.koszalin.pl/cgi-bin/koha/opac-detail.pl?biblionumber=48366 _yKatalog online BPK |
||